| 000 | 00361nam a2200145Ia 4500 | ||
|---|---|---|---|
| 008 | 150201s2011 xx 000 0 und d | ||
| 082 |
_a606 _bL11M |
||
| 100 | _aMARQUIS , BESSIC L. | ||
| 245 | _aLEADERSHIP ROLES & MANAGEMENTS FUNCTIONS IN NURSING | ||
| 250 | _a7TH | ||
| 260 |
_bWOLTERS _aINDIA _c2011 |
||
| 300 | _a624 | ||
| 650 | _aNURSING | ||
| 942 |
_2ddc _cBK |
||
| 999 |
_c2054 _d2054 |
||